LEADER 00881nas a2200229 i 4500 001 000000139418 003 CaOOAMICUS 005 20100225000000.0 008 050523b2000 it uu u0 0mul r 013 $a113451 020 $a88-7653-612-4 040 $aSeMil$bita 245 10$aElenchus of Biblica 1996 /$cRobert Althann. 260 $aRoma :$bPontificio Istituto Biblico,$c2000. 300 $a690 p. ;$c24 cm. 700 1 $aAlthann, Robert,$c.$0(OLS)http://semarc/name/7157 850 $aSeMil 852 $aSeMil$W1$xVenegono$y1$m6 6 12$j92827$B92827$CSeMilBibl$Z2$F98071 $85 961 $aAbbonamento: Pontificio Istituto Biblico 996 $6020$a88-7653-612-4$9(OLS)http://semarc/number/127447 996 $6245$aElenchus of Biblica 1996$9(OLS)http://semarc/title/203708 996 $6260$aRoma :$bPontificio Istituto Biblico$9(OLS)http://semarc/publisher/30489 LEADER 01256nam a2200277 i 4500 001 000000112452 003 CaOOAMICUS 005 20041210000000.0 008 041210s1967 it u000 u ita u 013 $a85136 040 $aSeMil$bita 100 1 $aDournes, Jacques.$0(OLS)http://semarc/name/18799 240 13$aLe père m'a envoyé.$0(OLS)http://semarc/title/163949 245 13$aLa missione contro le «missioni» /$cJacques Dournes. 260 $aMilano :$bJaca Book,$cstampa 1967. 300 $a253 p. ;$c22 cm. 490 0 $aCronache alla prova. Chiesa e società : Serie periodiche ;$v2 500 $aIn appendice : Discussione su : «parrocchie nell'altra faccia dell'America». 650 4$aChiesa - Missionarietà.$0(OLS)http://semarc/subject/3429 650 4$aStati Uniti d'America - Pastorale.$0(OLS)http://semarc/subject/20237 830 0$aCronache alla prova. Chiesa e società. Serie periodiche ;$v2.$0(OLS)http://semarc/title/16822 850 $aSeMil 852 $aSeMil$W1$xVenegono$y1$m3D III 121$j68205$B68205$CSeMilBibl$Z2$F90345 $81 961 $aOmaggio: Altro 996 $6245$aLa missione contro le «missioni»$9(OLS)http://semarc/title/163948 996 $6260$aMilano :$bJaca Book$9(OLS)http://semarc/publisher/29781